Aspects of income distribution in Greece

Αποθηκεύτηκε σε:
Λεπτομέρειες βιβλιογραφικής εγγραφής
Κύριος συγγραφέας: Λιανός, Θεόδωρος Π., 1939-
Άλλοι συγγραφείς: Προδρομίδης, Κυπριανός Π.
Μορφή: Βιβλίο
Γλώσσα:English
Δημοσίευση: Athens : Centre of Planning and Economic Research, 1974.
Σειρά:Lecture series (Κέντρον Προγραμματισμού και Οικονομικών Ερευνών) v.28
Θέματα:
Ετικέτες: Προσθήκη ετικέτας
Δεν υπάρχουν, Καταχωρήστε ετικέτα πρώτοι!

MARC

LEADER 00000cam a2200000 i 4500
001 1/26691
008 981217s1974 gr | ||| |||| ||eng||
035 |l 10037643 
040 |a GR-MY-UA  |b gre  |e aacr 
041 0 |a eng 
082 7 |a 339.209495   |2 (22) 
100 1 |a Λιανός, Θεόδωρος Π.,   |d 1939- 
245 1 0 |a Aspects of income distribution in Greece /   |c Theodoros P. Lianos, Kyprianos P. Prodromidis.  
260 |a Athens :   |b Centre of Planning and Economic Research,   |c 1974.  
300 |a 120 σ. ;   |c 24 εκ.  
490 1 |a (Lecture series ;   |v  vol.28) 
504 |a Περιέχει βιβλιογραφικές παραπομπές.  
650 0 0 |a Income distribution  |z Greece. 
700 1 |a Προδρομίδης, Κυπριανός Π. 
830 0 |a Lecture series (Κέντρον Προγραμματισμού και Οικονομικών Ερευνών)  |v  v.28 
852 |a INST  |b CHIOS  |e 19981217  |h 339.209495 LIA  |p 005200015179  |q 005200015179  |t BK  |y 0 
901 |a BIBL-1998-3 
909 |a Χ  |b 055148 
922 |a 2ΕΛΗ  |b 199812  |d ΛΕΜΟΝΙΑ 
970 |z 1998/12